000 00594nam a22001817a 4500
999 _c5505
_d5505
008 150911b xxu||||| |||| 00| 0 eng d
020 _a0721693849
050 _aRB 113 .G64 2002
100 _aGould, Barbara E.
245 _aPathophysiology for the Health Professions/
_hBarbara E. Gould.
250 _a2nd ed.
260 _aVancouver :
_b Langara College,
_c2002.
300 _axxiii, 668 pages :
_b illustrations (some color) ;
_c28 cm.
521 _aIncludes index and glossary.
650 _aPathology.
650 _aPhysiology.
760 _b2nd ed.
942 _2lcc
_cBOOKS
_hRB 113 .G64 2002